New Zealand Birds Quiz - Statistics

General Stats
  • This quiz has been taken 26 times
    24 since last reset
  • The average score is 7 of 16
Answer Stats
Picture Answer % Correct
Kaka
95%
Kakapo
95%
Kea
95%
Takahe
71%
Tui
71%
Weka
71%
Silvereye
52%
Mallard
43%
Dunnock
33%
Great Crested Grebe
24%
Little Penguin
24%
Bar-Tailed Godwit
19%
Common Myna
19%
Little Spotted Kiwi
19%
Australasian Swamphen
10%
New Zealand Pigeon
5%
No matching quizzes found
Score Distribution
Percent of People with Each Score
Percentile by Number Answered
Your Score History
You have not taken this quiz since the last reset